000 00201nam a22001097a 4500
041 _aeng
080 _a80
100 _aFlower, Raymond
245 _aMotor sports.
650 _aHistory
999 _c279478
_d279478
942 _cBK